000 00548nam a22001937a 4500
003 OSt
005 20170406133622.0
008 160613b xxu||||| |||| 00| 0 eng d
020 _a0071418695.
040 _cDLMN.
082 _aQV704D472p 2005.
100 _aDesslle, P. Shane; Zgarrick, P. David;
_99378
245 _aPharmacy Management: essentials for all practice settings
260 _aNew York;
_bMcGraw-Hill,
_c2005.
300 _axviii,597p;
_bill;
_c24cm.
504 _aincludes index.
650 _aPharmacy.
_99379
942 _2z
_cO_SHELF
999 _c4346
_d4346